| 000 | 00470nam a2200205Ia 4500 | ||
|---|---|---|---|
| 003 | 0100 | ||
| 008 | 130303s9999 xx 000 0 und d | ||
| 040 | _cARRUPELIB | ||
| 050 | _aBF1099.W65M35 1987 | ||
| 100 | _aMallon, Brenda | ||
| 245 | _aWomen dreaming | ||
| 260 | _aGlasgow | ||
| 260 | _bFontana | ||
| 260 | _C1987 | ||
| 300 | _a316p. | ||
| 300 | _b 23 cm | ||
| 650 | _bCone, James H | ||
| 650 | _cBlack theology-History-20th century | ||
| 942 |
_2lcc _01 |
||
| 999 |
_c61951 _d61951 |
||